书目信息 |
| 题名: |
达利谈话录
|
|
| 作者: | 达利 著 ;杨志麟 , 李芒 译 | |
| 分册: | ||
| 出版信息: | 北京 中国人民大学出版社 2010 |
|
| 页数: | 195页 | |
| 开本: | 24cm | |
| 丛书名: | 朗朗书房 | |
| 单 册: | ||
| 中图分类: | K835.515.72 , K835.515.72=535 | |
| 科图分类: | ||
| 主题词: | ||
| 电子资源: | ||
| ISBN: | 978-7-300-04330-2 | |
| 000 | 01301oam2 2200325 45 | |
| 001 | 1029466476 | |
| 005 | 20100428095233.93 | |
| 010 | @a978-7-300-04330-2@dCNY32.80 | |
| 100 | @a20100426d2010 ekmy0chiy0120 ea | |
| 101 | 1 | @achi@cspa |
| 102 | @aCN@b110000 | |
| 105 | @aa z 000yd | |
| 106 | @ar | |
| 200 | 1 | @a达利谈话录@ADa Li Tan Hua Lu@dDialogue with Salvador Dali@f(西)达利(Salvador Dali)等著@F( Xi ) Da Li (Salvador Dali) Deng Zhu@g杨志麟,李芒等译@zeng |
| 210 | @a北京@c中国人民大学出版社@d2010 | |
| 215 | @a195页@c图@d24cm | |
| 225 | 2 | @a朗朗书房@i西方艺术史论名著@v2 |
| 308 | @a丛书第二辑 | |
| 330 | @a本书收录了作者与阿兰·鲍斯克特的十次谈话,以对话的方式再现了作为天才与疯子的作者对于艺术、人生和社会的看法。附录:萨尔瓦多·达利、非理性的征服、达利年表、达利作品介绍、图版目录(100多幅)。 | |
| 462 | 0 | @12001 @a朗朗书房@i西方艺术史论名著@v2 |
| 510 | 1 | @aDialogue with Salvador Dali@zeng |
| 600 | 1 | @a达利@c(Dali, Salvador@f1904~1989)@x生平事迹 |
| 600 | 1 | @a达利@c(Dali, Salvador@f1904~1989) |
| 690 | @aK835.515.72@v4 | |
| 690 | @aK835.515.72=535@v4 | |
| 701 | 1 | @a达利@ADa Li@g(Dali, Salvador@f1904~1989)@4著 |
| 702 | 0 | @a杨志麟@AYang Zhi Lin@4译 |
| 702 | 0 | @a李芒@ALi Mang@4译 |
| 801 | 0 | @aCN@bTANGWEI@c20100428 |
| 905 | @b0595943-47@dK835.515.72@e684@f5 | |
| 达利谈话录=Dialogue with Salvador Dali/(西)达利(Salvador Dali)等著/杨志麟,李芒等译.-北京:中国人民大学出版社,2010 |
| 195页:图;24cm.-(朗朗书房.西方艺术史论名著;2) |
| ISBN 978-7-300-04330-2:CNY32.80 |
| 本书收录了作者与阿兰·鲍斯克特的十次谈话,以对话的方式再现了作为天才与疯子的作者对于艺术、人生和社会的看法。附录:萨尔瓦多·达利、非理性的征服、达利年表、达利作品介绍、图版目录(100多幅)。 |
| ● |
| 相关链接 |
|
|
|
|
正题名:达利谈话录
索取号:K835.515.72/684
 
预约/预借
| 序号 | 登录号 | 条形码 | 馆藏地/架位号 | 状态 | 备注 |
| 1 | 0595943 | 205959435 | 第二样本阅览室/ [索取号:K835.515.72/684] | 在馆 | |
| 2 | 0595944 | 205959444 | 第二借阅区/ [索取号:K835.515.72/684] | 在馆 | |
| 3 | 0595945 | 205959453 | 第二借阅区/ [索取号:K835.515.72/684] | 在馆 | |
| 4 | 0595946 | 205959462 | 第二借阅区/ [索取号:K835.515.72/684] | 在馆 | |
| 5 | 0595947 | 205959471 | 第二借阅区/ [索取号:K835.515.72/684] | 在馆 |